000 00787nam a2200253Ia 4500
003 OSt
005 20221005092852.0
006 a|||||r|||| 00| 0
007 ta
008 221004b |||||||| |||| 00| 0 eng d
020 _a079140787X (pbk)
_c3455.32
024 _a96156
037 _b038, 31/03/2009, Vimal Book Distribtors
_cTextual
040 _aCRL
_cCRL
_beng
041 _2eng
_aeng
082 _aR2, N1
100 _aJohnstone Albert A.
_9617879
245 0 _aRationalized epistemology
_b Taking solipsism seriously
260 _aNew York
_bState University of New Press USA
_c1991
300 _axvii,361p.
_ccm.
650 _aPHILOSOPHY
942 _hR2, N1
_cTEXL
_2cc
999 _c999507
_d999507